Russia under western eyes : (Record no. 26063)

MARC details
000 -LEADER
campo de control de longitud fija 01160cam a2200349 a 4500
001 - NÚMERO DE CONTROL
campo de control 119245
005 - FECHA Y HORA DE LA ÚLTIMA TRANSACCIÓN
campo de control 20230410103811.0
008 - DATOS DE LONGITUD FIJA--INFORMACIÓN GENERAL
campo de control de longitud fija 980805s1999 mau b 001 0 eng
035 ## - NÚMERO DE CONTROL DEL SISTEMA
-- (DLC) 98039769
035 ## - NÚMERO DE CONTROL DEL SISTEMA
Número de control de sistema 2143905
010 ## - NÚMERO DE CONTROL DE LA BIBLIOTECA DEL CONGRESO
Número de control de LC 98039769
020 ## - NÚMERO INTERNACIONAL ESTÁNDAR DEL LIBRO
Número Internacional Estándar del Libro 0674781201 (alk. paper)
040 ## - FUENTE DE CATALOGACIÓN
Centro catalogador/agencia de origen DLC
Centro/agencia transcriptor DLC
Centro/agencia modificador DLC
043 ## - CÓDIGO DE ÁREA GEOGRÁFICA
Código de área geográfica e-ur---
050 14 - SIGNATURA TOPOGRÁFICA DE LA BIBLIOTECA DEL CONGRESO
Número de clasificación 338 DK 32
Número de ítem M251r 1999
082 00 - NÚMERO DE LA CLASIFICACIÓN DECIMAL DEWEY
Número de clasificación 947
100 1# - ENTRADA PRINCIPAL--NOMBRE DE PERSONA
Nombre de persona Malia, Martin E.
Forma completa/desarrollada del nombre (Martin Edward)
245 10 - MENCIÓN DEL TÍTULO
Título Russia under western eyes :
Resto del título from the Bronze Horseman to the Lenin Mausoleum /
Mención de responsabilidad, etc. Martin Malia.
260 ## - PUBLICACIÓN, DISTRIBUCIÓN, ETC.
Lugar de publicación, distribución, etc. Cambridge, MA :
Nombre del editor, distribuidor, etc. The Belnap Press of Harvard University Press,
Fecha de publicación, distribución, etc. 1999.
300 ## - DESCRIPCIÓN FÍSICA
Extensión xii, 514 p. ;
Dimensiones 25 cm.
504 ## - NOTA DE BIBLIOGRAFÍA, ETC.
Nota de bibliografía, etc. Includes bibliographical references (p. 437-482) and index.
650 #4 - PUNTO DE ACCESO ADICIONAL DE MATERIA--TÉRMINO DE MATERIA
Término de materia o nombre geográfico como elemento de entrada 20150300
651 #0 - PUNTO DE ACCESO ADICIONAL DE MATERIA--NOMBRE GEOGRÁFICO
Nombre geográfico Russia
Subdivisión general Civilization.
651 #0 - PUNTO DE ACCESO ADICIONAL DE MATERIA--NOMBRE GEOGRÁFICO
Nombre geográfico Soviet Union
Subdivisión general Civilization.
651 #0 - PUNTO DE ACCESO ADICIONAL DE MATERIA--NOMBRE GEOGRÁFICO
Nombre geográfico Russia
Subdivisión general Foreign public opinion.
651 #0 - PUNTO DE ACCESO ADICIONAL DE MATERIA--NOMBRE GEOGRÁFICO
Nombre geográfico Soviet Union
Subdivisión general Foreign public opinion.
651 #4 - PUNTO DE ACCESO ADICIONAL DE MATERIA--NOMBRE GEOGRÁFICO
Nombre geográfico Rusia
Subdivisión general Civilización.
651 #4 - PUNTO DE ACCESO ADICIONAL DE MATERIA--NOMBRE GEOGRÁFICO
Nombre geográfico Unión Soviética
Subdivisión general Civilización.
651 #4 - PUNTO DE ACCESO ADICIONAL DE MATERIA--NOMBRE GEOGRÁFICO
Nombre geográfico Rusia
Subdivisión general Opinión pública
-- Relaciones Exteriores.
942 ## - ELEMENTOS DE ENTRADA SECUNDARIOS (KOHA)
Fuente del sistema de clasificación o colocación Clasificación de Library of Congress
Tipo de ítem Koha
946 ## - PROCESAMIENTO DE INFORMACIÓN LOCAL (OCLC)
a YSL
Holdings
Estatus retirado Estado de pérdida Fuente del sistema de clasificación o colocación Estado de daño No para préstamo Colección Biblioteca de origen Biblioteca actual Ubicación en estantería Fecha de adquisición Serial enumeration / chronology Signatura topográfica completa Código de barras Visto por última vez Copia número Tipo de ítem Koha
    Clasificación de Library of Congress     Recursos Regionales Biblioteca Juan Bosch Biblioteca Juan Bosch Recursos Regionales (2do. Piso) 10/04/2023 1 338 DK 32 M251r 1999 00000112527 23/10/2018 1